[Event "ICS rated blitz match"]
[Site "204.178.125.65"]
[Date "2000.12.03"]
[Round "?"]
[White "Hossa"]
[Black "ChesterX"]
[Result "1-0"]
[WhiteElo "2497"]
[BlackElo "2581"]
[PlyCount "185"]
[EventDate "2000.??.??"]

1. e4 e6 2. Nf3 d5 3. e5 c5 4. d4 Nc6 5. dxc5 Bxc5 6. Nc3 Bd7 7. Bd3 Qc7 8. Bf4
Bb4 9. O-O Bxc3 10. bxc3 Nge7 11. Qe2 O-O 12. Bc1 Rfc8 13. Ba3 Qa5 14. Bb4 Nxb4
15. cxb4 Qa4 16. Rfb1 Rc7 17. Nd4 Rac8 18. Rb3 a6 19. Qh5 h6 20. Qh4 Nc6 21.
Nxc6 Bxc6 22. Qg4 Bb5 23. Bxb5 Qxb5 24. Rg3 g6 25. Qf4 Rxc2 26. Qxh6 Qb6 27.
Rf1 Qc7 28. Rxg6+ fxg6 29. Qxg6+ Kh8 30. Qf6+ Qg7 31. Qxe6 Rc1 32. g3 d4 33.
Kg2 d3 34. Rd1 R1c6 35. Qh3+ Kg8 36. Rxd3 Qxe5 37. Qg4+ Qg7 38. Qd1 Rc2 39. Rf3
Qe5 40. Rf4 Re2 41. Qd7 Rc7 42. Rg4+ Kf8 43. Qd8+ Kf7 44. Qg8+ Ke7 45. Rg7+ Kd6
46. Rg6+ Qe6 47. Rxe6+ Rxe6 48. h4 Kd7 49. a4 Re2 50. Qh7+ Kc8 51. Qf5+ Rd7 52.
g4 Red2 53. g5 R2d5 54. Qf6 R7d6 55. Qe7 Rd7 56. Qf8+ Rd8 57. Qf7 R8d7 58. Qe8+
Rd8 59. Qe6+ Kc7 60. Kg3 R8d6 61. Qf7+ Rd7 62. Qf6 R7d6 63. Qc3+ Kb8 64. f3 b6
65. Qe3 Rd3 66. Qe8+ Ka7 67. Qc8 R3d5 68. Qc7+ Ka8 69. f4 Rd2 70. Kg4 b5 71.
axb5 axb5 72. Qa5+ Kb7 73. Qxb5+ Rb6 74. Qe5 Rbd6 75. h5 R6d5 76. Qe7+ Rd7 77.
Qe4+ Kb6 78. h6 Rh2 79. g6 Rxh6 80. f5 Rhh7 81. Qe3+ Kb7 82. gxh7 Rg7+ 83. Qg5
Rxh7 84. f6 Rh2 85. Qd5+ Ka7 86. Qd7+ Ka8 87. f7 Rf2 88. b5 Rf1 89. b6 Rg1+ 90.
Kf3 Rf1+ 91. Ke2 Kb8 92. Kxf1 Ka8 93. f8=Q# {ChesterX checkmated} 1-0

[Event "ICS rated blitz match"]
[Site "204.178.125.65"]
[Date "2000.12.03"]
[Round "?"]
[White "Tinker"]
[Black "Hossa"]
[Result "1-0"]
[WhiteElo "2568"]
[BlackElo "2517"]
[PlyCount "125"]
[EventDate "2000.??.??"]

1. e4 c5 2. Nf3 Nc6 3. d4 cxd4 4. Nxd4 Nf6 5. Nc3 d6 6. Bg5 e6 7. Qd2 Be7 8.
O-O-O O-O 9. Nb3 a5 10. a4 Qb6 11. Bb5 Rd8 12. Qe3 Qc7 13. f3 Bd7 14. Qd2 Be8
15. Bf4 Rac8 16. Rhg1 Nb4 17. Bxe8 Nxe8 18. Bg3 Bf6 19. Nd4 Qc4 20. Kb1 b6 21.
Nde2 Rd7 22. Qe3 Qc6 23. e5 dxe5 24. Rxd7 Qxd7 25. Qxb6 Ra8 26. Rd1 Qc8 27. Qe3
Qc7 28. Rc1 Nd5 29. Qe4 Rd8 30. Nb5 Qb8 31. Rd1 Rd7 32. c4 Nb6 33. Rxd7 Nxd7
34. Bf2 Be7 35. Qc6 Qd8 36. Nbc3 Bb4 37. c5 Ndf6 38. Qb5 Nc7 39. Qc4 Qd2 40.
Nb5 Qd1+ 41. Nc1 Nxb5 42. axb5 Ne8 43. b6 Qd8 44. c6 Nd6 45. Qa6 Ne8 46. Qd3
Qa8 47. b7 Qb8 48. Qd7 Kf8 49. c7 Qxb7 50. c8=Q Qxd7 51. Qxd7 g5 52. Nb3 Nf6
53. Qd8+ Kg7 54. Bg3 Kg6 55. Bxe5 Be7 56. Qxe7 Nd5 57. Qf8 Kf5 58. Qg7 f6 59.
Bg3 Nf4 60. Qxh7+ Ke5 61. Qc7+ Kf5 62. Qc2+ Ke5 63. Qc5# {Hossa checkmated} 1-0

[Event "ICS rated bullet match"]
[Site "204.178.125.65"]
[Date "2000.12.03"]
[Round "?"]
[White "Hossa"]
[Black "lambChop"]
[Result "1-0"]
[WhiteElo "2583"]
[BlackElo "2392"]
[PlyCount "56"]
[EventDate "2000.??.??"]

1. e4 c6 2. d4 d5 3. Nc3 dxe4 4. Nxe4 Nd7 5. Nf3 Ngf6 6. Ng3 e6 7. Bd3 c5 8. c3
Bd6 9. O-O cxd4 10. cxd4 Nd5 11. Ne4 Be7 12. Bd2 Qb6 13. Qa4 Qxb2 14. Rfb1 Qa3
15. Qb5 a6 16. Qc4 N7b6 17. Qc2 Nb4 18. Bxb4 Bxb4 19. Rxb4 Qxb4 20. Rb1 Qa5 21.
Nd6+ Ke7 22. Qc7+ Bd7 23. Rxb6 Qxa2 24. Rxb7 Qa1+ 25. Bf1 Rad8 26. Ne5 Qa4 27.
Ndxf7 Qxd4 28. Nxd8 Qd2 {lambChop resigns} 1-0

[Event "ICS rated bullet match"]
[Site "204.178.125.65"]
[Date "2000.12.03"]
[Round "?"]
[White "lambChop"]
[Black "Hossa"]
[Result "1-0"]
[WhiteElo "2370"]
[BlackElo "2605"]
[PlyCount "115"]
[EventDate "2000.??.??"]

1. e4 c5 2. Nf3 Nc6 3. d4 cxd4 4. Nxd4 Nf6 5. Nc3 d6 6. Bg5 Bd7 7. Qd2 Nxd4 8.
Qxd4 Qa5 9. Bxf6 gxf6 10. Bc4 Qg5 11. g3 Bh6 12. Bd5 Bc6 13. f4 Qg4 14. O-O Qh3
15. Qc4 Bxd5 16. Nxd5 Rc8 17. Qa4+ Kf8 18. c3 a6 19. Qb4 Rb8 20. Rfd1 Qc8 21.
Nxe7 Qc5+ 22. Qxc5 dxc5 23. Nf5 Bg7 24. Rd7 h5 25. Rad1 Kg8 26. Rc7 Bf8 27.
Rdd7 Rh7 28. Ne3 f5 29. exf5 Rg7 30. Nd5 h4 31. Nf6+ Kh8 32. g4 b5 33. g5 c4
34. Kf2 b4 35. Kf3 a5 36. Rxf7 Ra8 37. Rxg7 Bxg7 38. Ne4 Bf8 39. Rxc4 Bg7 40.
f6 Bf8 41. g6 Kg8 42. Rc7 bxc3 43. Rh7 Bh6 44. bxc3 Rd8 45. Nc5 Rd6 46. f7+ Kf8
47. Rxh6 Rxg6 48. Rxg6 Kxf7 49. Ra6 Ke7 50. Rxa5 Kd6 51. f5 Kd5 52. f6 Kc4 53.
Ne4 Kd3 54. f7 Kc2 55. f8=Q Kc1 56. Rb5 Kc2 57. Qd8 h3 58. Qd2# {
Hossa checkmated} 1-0

[Event "ICS rated bullet match"]
[Site "204.178.125.65"]
[Date "2000.12.03"]
[Round "?"]
[White "Arnek"]
[Black "Hossa"]
[Result "0-1"]
[WhiteElo "1940"]
[BlackElo "2580"]
[PlyCount "84"]
[EventDate "2000.??.??"]

1. e4 c5 2. Nc3 Nc6 3. d3 g6 4. g3 Bg7 5. Bg2 e6 6. Nge2 d6 7. O-O Nf6 8. h3
O-O 9. f4 Qb6 10. Kh2 Bd7 11. a4 a6 12. Rb1 Qc7 13. Be3 b6 14. Ra1 Ne8 15. Qc1
f5 16. Rf2 fxe4 17. Nxe4 Nf6 18. c3 Nd5 19. Bd2 Na5 20. Qc2 c4 21. d4 Nb3 22.
Rd1 Bxa4 23. Rg1 Qd7 24. Be1 Nxd4 25. Qd2 Nb3 26. Qc2 Ne3 27. Qb1 Nxg2 28.
Rgxg2 Bc6 29. Rg1 Rf5 30. g4 Rf7 31. f5 exf5 32. Ng5 Rff8 33. gxf5 Be5+ 34. Ng3
Rxf5 35. Rxf5 gxf5 36. Bf2 Bf4 37. Qf1 Nd2 38. Qe2 Bxg5 39. Qh5 Nf3+ 40. Kh1 f4
41. Nf5 Nxg1+ 42. Kxg1 Qxf5 {Arnek resigns} 0-1

[Event "ICS rated blitz match"]
[Site "204.178.125.65"]
[Date "2000.12.03"]
[Round "?"]
[White "Hossa"]
[Black "QueenMaxima"]
[Result "1-0"]
[WhiteElo "2503"]
[BlackElo "2526"]
[PlyCount "169"]
[EventDate "2000.??.??"]

1. e4 c5 2. Nf3 Nc6 3. d4 Nxd4 4. Nxd4 cxd4 5. Qxd4 e6 6. Nc3 b6 7. Bf4 Nf6 8.
e5 Nh5 9. Bd2 Bc5 10. Qg4 g6 11. O-O-O Qc7 12. Nb5 Qb8 13. Nd6+ Bxd6 14. exd6
Bb7 15. Kb1 Qxd6 16. Bc3 Qf8 17. Qd4 O-O-O 18. Qa4 Kb8 19. Bxh8 Qxh8 20. Rxd7
Nf6 21. Qf4+ Ka8 22. Rxd8+ Qxd8 23. Be2 Bxg2 24. Rd1 Qe7 25. f3 Bh3 26. Bb5 e5
27. Re1 Nd7 28. Bc6+ Kb8 29. Bxd7 Qxd7 30. Qxe5+ Kb7 31. Qe4+ Kc7 32. Qa8 a5
33. Kc1 Bf5 34. Re3 Qd6 35. Qa7+ Kc6 36. Qxf7 Qf4 37. Qe8+ Kc5 38. Kb1 Qd4 39.
Rc3+ Kd5 40. Qc6+ Ke5 41. f4+ Kxf4 42. Rc4 Qxc4 43. Qxc4+ Be4 44. Qc7+ Kf3 45.
Qxb6 a4 46. Qa5 Kf4 47. Qxa4 h6 48. Qb3 h5 49. Qg3+ Kf5 50. h4 Ke6 51. Kc1 Bf5
52. Qe3+ Kd5 53. Kd2 Kd6 54. Kc3 Kd5 55. Qd4+ Ke6 56. Kb4 Ke7 57. Qe5+ Kd7 58.
Kb5 Bg4 59. Qg7+ Ke6 60. Qxg6+ Ke5 61. Qf7 Ke4 62. a4 Ke3 63. b4 Ke4 64. a5 Ke3
65. a6 Bf3 66. a7 Bg2 67. Qxh5 Kf2 68. Qf5+ Kg3 69. Qg5+ Kh3 70. Qxg2+ Kxg2 71.
a8=Q+ Kg3 72. Qf8 Kxh4 73. Qf4+ Kh5 74. Qg5+ Kxg5 75. Kc6 Kf4 76. b5 Ke3 77. b6
Kd4 78. b7 Kc3 79. Kd5 Kxc2 80. Kd4 Kd2 81. b8=Q Kc2 82. Qb7 Kd1 83. Qb2 Ke1
84. Ke3 Kf1 85. Qf2# {QueenMaxima checkmated} 1-0

[Event "ICS rated bullet match"]
[Site "204.178.125.65"]
[Date "2000.12.03"]
[Round "?"]
[White "Hossa"]
[Black "PowerMan"]
[Result "1-0"]
[WhiteElo "2581"]
[BlackElo "1938"]
[PlyCount "53"]
[EventDate "2000.??.??"]

1. e4 d6 2. d4 Nf6 3. Nc3 g6 4. Bg5 Bg7 5. Nf3 c6 6. Bd3 b5 7. a4 b4 8. Na2 a5
9. O-O O-O 10. Qd2 Nbd7 11. Nc1 Ba6 12. Bxa6 Rxa6 13. Re1 e5 14. dxe5 Nxe5 15.
Nxe5 dxe5 16. Nd3 Ra8 17. Nxe5 Qc7 18. Bf4 Nh5 19. Nxg6 Nxf4 20. Qxf4 Qxf4 21.
Nxf4 Bxb2 22. Rad1 Bc3 23. Re3 c5 24. Rg3+ Kh8 25. Nd5 c4 26. Nxc3 bxc3 27.
Rxc3 {PowerMan resigns} 1-0

[Event "ICS rated bullet match"]
[Site "204.178.125.65"]
[Date "2000.12.03"]
[Round "?"]
[White "Hossa"]
[Black "PowerMan"]
[Result "1-0"]
[WhiteElo "2583"]
[BlackElo "1936"]
[PlyCount "61"]
[EventDate "2000.??.??"]

1. e4 d6 2. d4 Nf6 3. Nc3 g6 4. f3 Bg7 5. Be3 c6 6. Qd2 b5 7. O-O-O b4 8. Na4
a5 9. Bh6 Bxh6 10. Qxh6 Nbd7 11. Bc4 Nb6 12. Nxb6 Qxb6 13. Ne2 d5 14. Bd3 a4
15. e5 Nd7 16. e6 fxe6 17. Bxg6+ Kd8 18. Qg7 Rf8 19. Qxh7 b3 20. Kb1 a3 21.
cxb3 axb2 22. Kxb2 Qa5 23. Bb1 Qa3+ 24. Kc3 Nb6 25. Kd2 Ba6 26. Qc2 Rb8 27.
Qxc6 Qb4+ 28. Ke3 e5 29. dxe5 Rf5 30. Bxf5 d4+ 31. Rxd4+ {PowerMan resigns} 1-0

[Event "ICS rated blitz match"]
[Site "204.178.125.65"]
[Date "2000.12.03"]
[Round "?"]
[White "Hossa"]
[Black "ChesterX"]
[Result "0-1"]
[WhiteElo "2520"]
[BlackElo "2565"]
[PlyCount "74"]
[EventDate "2000.??.??"]

1. e4 Nf6 2. e5 Nd5 3. d4 d6 4. c4 Nb6 5. f4 g6 6. Nf3 Bg7 7. Bd3 Nc6 8. d5 Nb4
9. Be4 dxe5 10. Nxe5 Qd6 11. Be3 Bxe5 12. fxe5 Qxe5 13. Qd4 Qxd4 14. Bxd4 O-O
15. Na3 Bd7 16. Bb1 Rfe8 17. O-O e6 18. dxe6 Rxe6 19. Bc3 c5 20. Rf4 Rae8 21.
b3 Re2 22. Rf2 Bc6 23. Kf1 R2e3 24. Bd2 R3e6 25. Bc3 f5 26. Bd2 Nd7 27. Kg1 Ne5
28. h3 Ned3 29. Bxb4 Nxf2 30. Bxc5 Re1+ 31. Kxf2 R8e2+ 32. Kg3 Rxg2+ 33. Kf4
g5+ 34. Kxf5 Bd7+ 35. Kf6 Re6+ 36. Kf5 Kf7 37. Bxa7 Re7# {Hossa checkmated} 0-1

[Event "ICS rated standard match"]
[Site "204.178.125.65"]
[Date "2000.12.03"]
[Round "?"]
[White "BrazilianMaster"]
[Black "Hossa"]
[Result "1-0"]
[WhiteElo "2624"]
[BlackElo "2345"]
[PlyCount "181"]
[EventDate "2000.??.??"]

1. d4 Nf6 2. c4 g6 3. Nc3 d5 4. Nf3 Bg7 5. Bg5 Ne4 6. cxd5 Nxg5 7. Nxg5 e6 8.
Qd2 exd5 9. Qe3+ Kf8 10. Qf4 f6 11. Nf3 Be6 12. e3 Kg8 13. Bd3 Nc6 14. O-O Nb4
15. Be2 Bf8 16. a3 Bd6 17. Qh6 Nc6 18. Rac1 Bf8 19. Qh4 h5 20. Qg3 g5 21. Nb5
Rc8 22. h4 g4 23. Nd2 a6 24. Nc3 Bd6 25. f4 Rh7 26. Bd3 Rg7 27. Nb3 Qe7 28. Na4
Rb8 29. Nbc5 Qe8 30. b4 f5 31. Nc3 Bxc5 32. bxc5 Qe7 33. Rfd1 Na5 34. Rc2 Ra8
35. Rb1 Re8 36. Rb4 Qd8 37. Rc1 Rge7 38. Re1 Qc8 39. Reb1 Bf7 40. Nd1 Be6 41.
Qf2 Bd7 42. Qc2 Rf7 43. R4b2 Qd8 44. Qd2 Nc6 45. g3 Bc8 46. Bf1 Qe7 47. Bg2 Qe6
48. Kf2 Rfe7 49. Nc3 Rd7 50. Re1 Na5 51. Qd3 c6 52. Rbb1 Rde7 53. Na4 Nc4 54.
Nb6 Qf7 55. Nxc4 dxc4 56. Qc2 Be6 57. Bf1 Bd5 58. Rbc1 c3 59. Qxc3 Bf3 60. Bc4
Bd5 61. Bxd5 cxd5 62. Rb1 Qe6 63. Qd3 a5 64. Rb6 Qf7 65. Qb5 a4 66. Qxa4 Re6
67. Qb3 Rxb6 68. Qxb6 Re6 69. Qd8+ Re8 70. Qd6 Ra8 71. Rb1 Rxa3 72. Qb8+ Qf8
73. Qxb7 Ra2+ 74. Kf1 Qa8 75. c6 Qe8 76. c7 Rc2 77. Qxd5+ Kg7 78. Rb8 Rc1+ 79.
Ke2 Qf7 80. Qxf7+ Kxf7 81. c8=Q Rxc8 82. Rxc8 Ke7 83. Rc5 Kf6 84. Re5 Kg6 85.
d5 Kf7 86. d6 Kg7 87. d7 Kg6 88. d8=Q Kh6 89. Qg5+ Kh7 90. Re7+ Kh8 91. Qg7# {
Hossa checkmated} 1-0

[Event "ICS rated blitz match"]
[Site "204.178.125.65"]
[Date "2000.12.03"]
[Round "?"]
[White "JenMan"]
[Black "Hossa"]
[Result "0-1"]
[WhiteElo "2017"]
[BlackElo "2506"]
[PlyCount "23"]
[EventDate "2000.??.??"]

1. d4 e6 2. Bf4 d5 3. Nf3 Nf6 4. e3 Bd6 5. h3 Bxf4 6. exf4 Ne4 7. Bd3 Qf6 8. g3
c5 9. c3 Nc6 10. Ne5 cxd4 11. Nxc6 dxc3 12. Bxe4 {JenMan resigns} 0-1

[Event "ICS rated bullet match"]
[Site "204.178.125.65"]
[Date "2000.12.03"]
[Round "?"]
[White "Hossa"]
[Black "Xamkov"]
[Result "1-0"]
[WhiteElo "2592"]
[BlackElo "1916"]
[PlyCount "63"]
[EventDate "2000.??.??"]

1. d4 c5 2. e4 cxd4 3. c3 e6 4. cxd4 d5 5. exd5 exd5 6. Nf3 Be7 7. Bb5+ Bd7 8.
Bxd7+ Nxd7 9. O-O Ngf6 10. Re1 O-O 11. Nc3 Nb6 12. Bg5 h6 13. Bxf6 Bxf6 14. Ne5
Rc8 15. Qh5 Nc4 16. Nxc4 Rxc4 17. Qxd5 Rxd4 18. Qxb7 Rd2 19. Ne4 Qd4 20. Nxd2
Qxd2 21. Rad1 Qxb2 22. Qxa7 Kh7 23. a4 Rb8 24. Qxf7 Rb7 25. Rd7 Rxd7 26. Qxd7
Qc3 27. Qf5+ g6 28. Qd7+ Bg7 29. Rd1 h5 30. g3 Kh6 31. h4 Bd4 32. Qxd4 {
Xamkov resigns} 1-0

[Event "ICS rated bullet match"]
[Site "204.178.125.65"]
[Date "2000.12.03"]
[Round "?"]
[White "Xamkov"]
[Black "Hossa"]
[Result "0-1"]
[WhiteElo "1915"]
[BlackElo "2593"]
[PlyCount "58"]
[EventDate "2000.??.??"]

1. d4 e6 2. Nf3 Nf6 3. e3 d5 4. Bd3 Bd6 5. Nbd2 Nbd7 6. O-O c5 7. b3 cxd4 8.
exd4 Qc7 9. Bb2 b6 10. Re1 Bb7 11. Ne5 Bb4 12. c3 Be7 13. f4 a6 14. Qf3 Rc8 15.
Rac1 Bf8 16. h3 Be7 17. g4 h6 18. h4 h5 19. g5 Nxe5 20. fxe5 Ng4 21. Rf1 Rf8
22. c4 dxc4 23. Nxc4 Bxf3 24. Nd6+ Bxd6 25. Rxc7 Bxc7 26. Rxf3 b5 27. g6 f5 28.
exf6 Rxf6 29. d5 Rxf3 {Xamkov resigns} 0-1

[Event "ICS rated bullet match"]
[Site "204.178.125.65"]
[Date "2000.12.03"]
[Round "?"]
[White "Hossa"]
[Black "Xamkov"]
[Result "1-0"]
[WhiteElo "2594"]
[BlackElo "1914"]
[PlyCount "73"]
[EventDate "2000.??.??"]

1. c4 Nh6 2. d4 g6 3. e4 f6 4. Bd3 Nf7 5. Ne2 d6 6. O-O Bg7 7. Qa4+ c6 8. Be3
O-O 9. Rd1 e5 10. Nd2 Na6 11. Qb3 Nc7 12. Nf3 Kh8 13. Ng3 Qe7 14. Rdc1 a5 15.
Rd1 a4 16. Qb4 Na6 17. Qxa4 Bg4 18. Be2 Nc5 19. Qc2 Nd7 20. Ng5 Bxe2 21. Nxf7+
Rxf7 22. Nxe2 Raf8 23. c5 dxc5 24. dxc5 f5 25. exf5 Rxf5 26. Ng3 R5f7 27. Ne4
Qh4 28. Nd6 Re7 29. Nxb7 Nf6 30. Nd8 Ng4 31. h3 Nxf2 32. Bxf2 Qxf2+ 33. Qxf2
Rxf2 34. Kxf2 e4 35. Rab1 Bf6 36. Nxc6 Re5 37. Nxe5 {Xamkov resigns} 1-0

[Event "ICS rated bullet match"]
[Site "204.178.125.65"]
[Date "2000.12.03"]
[Round "?"]
[White "lambChop"]
[Black "Hossa"]
[Result "1-0"]
[WhiteElo "2395"]
[BlackElo "2595"]
[PlyCount "97"]
[EventDate "2000.??.??"]

1. e4 Nf6 2. e5 Nd5 3. c4 Nb6 4. d4 d6 5. exd6 exd6 6. Bd3 Be7 7. Nf3 Bg4 8. h3
Bh5 9. Be3 Nc6 10. Nbd2 Bf6 11. Qb3 O-O 12. O-O Re8 13. d5 Ne5 14. Nxe5 Bxe5
15. Rae1 Qh4 16. Ne4 Qd8 17. f4 Bf6 18. g4 Bh4 19. Nf2 Bg6 20. f5 Qe7 21. fxg6
hxg6 22. Re2 Qd7 23. Ne4 Re7 24. c5 dxc5 25. Bxc5 Re5 26. d6 cxd6 27. Bxd6 Rd5
28. Rc2 Rc8 29. Rxc8+ Qxc8 30. Rf3 Qc1+ 31. Kg2 Qc6 32. Bf1 Qc8 33. Kh2 Qe6 34.
Bg3 Bxg3+ 35. Nxg3 Rd2+ 36. Kh1 Qe8 37. Bd3 Qe6 38. Be4 Qe7 39. Bxg6 Qc7 40.
Rxf7 Qc6+ 41. Be4 Qc1+ 42. Nf1 Rxb2 43. Qe6 Qc8 44. Rd7+ Kh8 45. Qg6 Rh2+ 46.
Kxh2 Qb8+ 47. Kg2 Qh2+ 48. Nxh2 Nxd7 49. Qh7# {Hossa checkmated} 1-0

[Event "ICS rated blitz match"]
[Site "204.178.125.65"]
[Date "2000.12.03"]
[Round "?"]
[White "Hossa"]
[Black "SuperChicken"]
[Result "0-1"]
[WhiteElo "2508"]
[BlackElo "2767"]
[PlyCount "120"]
[EventDate "2000.??.??"]

1. e4 e5 2. Nf3 Nc6 3. Bb5 a6 4. Ba4 Nf6 5. O-O Be7 6. Re1 b5 7. Bb3 O-O 8. c3
d6 9. h3 Na5 10. Bc2 c5 11. d4 Qc7 12. Nbd2 cxd4 13. cxd4 Bb7 14. Re3 Rfc8 15.
Rc3 Qd7 16. Rxc8+ Rxc8 17. d5 Qc7 18. Bd3 Nd7 19. Nf1 Nc5 20. Bc2 Ne6 21. dxe6
Qxc2 22. Qxc2 Rxc2 23. Ne3 Rc8 24. Nf5 Kf8 25. Bg5 f6 26. Bd2 Nc4 27. Re1 Nxb2
28. Bb4 Nc4 29. g4 g6 30. Ng3 d5 31. Rb1 dxe4 32. Ne1 Bxb4 33. Rxb4 Ke7 34. Rb1
Kxe6 35. Nf1 h5 36. Rd1 hxg4 37. hxg4 f5 38. Nc2 f4 39. a3 Rh8 40. Ra1 e3 41.
fxe3 fxe3 42. Nh2 Rh3 43. a4 Rg3+ 44. Kf1 Rg2 45. axb5 Rxh2 46. Ra2 Bf3 47.
Nd4+ exd4 48. Rxh2 d3 49. Ra2 a5 50. Rf2 e2+ 51. Rxe2+ dxe2+ 52. Kf2 Bxg4 53.
b6 Nxb6 54. Ke1 a4 55. Kd2 a3 56. Ke1 a2 57. Kf2 Kf5 58. Ke3 a1=Q 59. Kd3 e1=Q
60. Kc2 Qec3# {Hossa checkmated} 0-1

[Event "ICS rated blitz match"]
[Site "204.178.125.65"]
[Date "2000.12.03"]
[Round "?"]
[White "SuperChicken"]
[Black "Hossa"]
[Result "1-0"]
[WhiteElo "2763"]
[BlackElo "2502"]
[PlyCount "109"]
[EventDate "2000.??.??"]

1. e4 e5 2. Nf3 Nc6 3. Bb5 a6 4. Ba4 Nf6 5. O-O Be7 6. Re1 b5 7. Bb3 O-O 8. c3
d6 9. h3 Na5 10. Bc2 c5 11. d4 Qc7 12. Nbd2 cxd4 13. cxd4 Bb7 14. Nf1 Rac8 15.
Re2 Nc6 16. Ng3 Rfd8 17. Nf5 a5 18. Bd2 exd4 19. Rc1 Re8 20. Bd3 Qb6 21. Bg5
Ne5 22. N3xd4 Rxc1 23. Bxc1 Nxd3 24. Qxd3 Bd8 25. Bf4 Nxe4 26. Nxb5 d5 27. Nbd6
Nxd6 28. Bxd6 Re6 29. Qg3 g5 30. Qf3 Bf6 31. Nh6+ Kg7 32. Qh5 Qxd6 33. Qxf7+
Kxh6 34. Rxe6 Qxe6 35. Qxe6 Kg6 36. Qe8+ Kh6 37. Qf7 Bxb2 38. Qxb7 Bf6 39. Qf7
Bd4 40. g4 a4 41. Qh5+ Kg7 42. Qxg5+ Kh8 43. Qf4 Bxf2+ 44. Kxf2 Kg7 45. Qxa4 h6
46. Qf4 d4 47. Qxd4+ Kf7 48. Qf4+ Ke6 49. Qxh6+ Kd5 50. g5 Kc4 51. g6 Kd5 52.
g7 Kd4 53. g8=Q Kc5 54. Qb3 Kd4 55. Qhe3# {Hossa checkmated} 1-0

[Event "ICS rated standard match"]
[Site "204.178.125.65"]
[Date "2000.12.03"]
[Round "?"]
[White "Tinker"]
[Black "Hossa"]
[Result "1-0"]
[WhiteElo "2359"]
[BlackElo "2324"]
[PlyCount "79"]
[EventDate "2000.??.??"]

1. e4 c5 2. Nf3 Nc6 3. d4 cxd4 4. Nxd4 Nf6 5. Nc3 d6 6. Bg5 Bd7 7. Qd2 Rc8 8.
O-O-O Nxd4 9. Qxd4 Qa5 10. Bd2 a6 11. f3 e5 12. Qf2 b5 13. a3 Qc7 14. Bg5 Be7
15. Qd2 Be6 16. Bxf6 gxf6 17. Nd5 Bxd5 18. exd5 f5 19. g3 Rg8 20. Kb1 Rg5 21.
f4 Rg6 22. Bh3 Rf6 23. fxe5 dxe5 24. Rhf1 Rd8 25. Rxf5 Rb6 26. Qe2 Bf6 27. Qf2
Rdd6 28. Qe3 Kf8 29. Rh5 b4 30. a4 b3 31. cxb3 Qb8 32. Ka2 Rb7 33. Rxh7 Bg7 34.
Rc1 Rd8 35. Rc6 e4 36. Qg5 Be5 37. Rch6 f6 38. Rxf6+ Rf7 39. Qg7+ Ke8 40. Qxf7#
{Hossa checkmated} 1-0

[Event "ICS rated standard match"]
[Site "204.178.125.65"]
[Date "2000.12.03"]
[Round "?"]
[White "Hossa"]
[Black "Amateur"]
[Result "1-0"]
[WhiteElo "2310"]
[BlackElo "2422"]
[PlyCount "143"]
[EventDate "2000.??.??"]

1. d4 Nf6 2. c4 e6 3. Nf3 Bb4+ 4. Bd2 Qe7 5. g3 Bxd2+ 6. Nbxd2 Nc6 7. Bg2 O-O
8. O-O Qb4 9. Qc2 b6 10. e4 e5 11. d5 Nd4 12. Nxd4 exd4 13. Nb3 Ba6 14. Rfc1
Rfe8 15. Nxd4 Re5 16. f4 Ree8 17. e5 Ng4 18. Qe2 Qc5 19. Qd2 Rac8 20. b4 Qf8
21. h3 Nh6 22. a4 d6 23. a5 dxe5 24. fxe5 Bb7 25. axb6 axb6 26. Ra7 Rb8 27. Re1
Kh8 28. Nb5 Re7 29. Qf4 Ree8 30. Rb1 Rec8 31. h4 Qe7 32. d6 cxd6 33. Nxd6 Rc7
34. Bxb7 Rcxb7 35. Nxb7 Rxb7 36. Rxb7 Qxb7 37. Rd1 Ng8 38. Rd8 Qe7 39. Rd6 Qa7
40. Kg2 Qa2+ 41. Kh3 Qb1 42. Qxf7 Qh1+ 43. Kg4 Qe1 44. Rd8 Qe4+ 45. Qf4 Qg6+
46. Kh3 h5 47. b5 Qe6+ 48. Kh2 Qg6 49. Qf3 Kh7 50. Rd6 Qc2+ 51. Kh3 Nh6 52.
Qxh5 Qe4 53. Qd1 Ng4 54. Rd2 Kh6 55. Rd4 Nf2+ 56. Kh2 Qe3 57. Rd6+ g6 58. Qc2
Ng4+ 59. Kh3 Nf2+ 60. Kg2 Ne4 61. Rd3 Qe1 62. e6 Nc5 63. Qb2 Qe4+ 64. Kh2 Qa8
65. Qd2+ Kh7 66. Rd8 Qe4 67. Qb2 Qc2+ 68. Qxc2 Nxe6 69. Rd7+ Kh6 70. Qd2+ g5
71. Qd6 Kh5 72. Qxe6 {Amateur resigns} 1-0

[Event "ICS rated blitz match"]
[Site "204.178.125.65"]
[Date "2000.12.03"]
[Round "?"]
[White "PostModernist"]
[Black "Hossa"]
[Result "1-0"]
[WhiteElo "2650"]
[BlackElo "2496"]
[PlyCount "111"]
[EventDate "2000.??.??"]

1. d4 Nf6 2. c4 g6 3. Nc3 Bg7 4. g3 Nc6 5. e4 d6 6. d5 Nb8 7. Nge2 e5 8. Bg2
O-O 9. Nb1 c6 10. Nbc3 Na6 11. O-O cxd5 12. cxd5 Bd7 13. Re1 Qc8 14. Bg5 h6 15.
Bxf6 Bxf6 16. a3 Bh3 17. Nb5 Bxg2 18. Kxg2 Qd7 19. Nec3 Rfc8 20. Qf3 Bg5 21.
Rab1 f5 22. exf5 Rf8 23. Qe2 Rxf5 24. Ne4 Be7 25. b4 Rff8 26. Rbc1 Rf7 27. Kg1
Rff8 28. Qd3 Rf5 29. Rc2 Bf8 30. Rec1 Be7 31. Nc7 Rc8 32. Nxa6 Rxc2 33. Qxc2
bxa6 34. Qc7 Qd8 35. Qxa7 Rf8 36. Rc6 Kh8 37. Rc7 Rf7 38. Qb7 Kg7 39. Rc8 Bf6
40. Qa8 Qe7 41. Re8 Qxe8 42. Qxe8 Be7 43. Qc6 Bf8 44. Nxd6 Bxd6 45. Qxd6 h5 46.
Qxe5+ Kh7 47. d6 Rg7 48. Qxg7+ Kxg7 49. d7 Kh7 50. d8=Q Kg7 51. Qe7+ Kg8 52. h4
a5 53. bxa5 g5 54. a6 gxh4 55. a7 hxg3 56. a8=Q# {Hossa checkmated} 1-0

[Event "ICS rated blitz match"]
[Site "204.178.125.65"]
[Date "2000.12.03"]
[Round "?"]
[White "Hossa"]
[Black "PostModernist"]
[Result "0-1"]
[WhiteElo "2487"]
[BlackElo "2659"]
[PlyCount "90"]
[EventDate "2000.??.??"]

1. d4 d5 2. Nf3 Nf6 3. e3 Bf5 4. c4 c6 5. cxd5 cxd5 6. Nc3 e6 7. Ne5 Nfd7 8. g4
Bg6 9. Nxg6 hxg6 10. Qb3 Nb6 11. a4 a5 12. Bd2 Bb4 13. Bb5+ Nc6 14. Ne2 Bxd2+
15. Kxd2 O-O 16. h4 Nb4 17. h5 Qg5 18. hxg6 Qxg6 19. Rh5 Rfc8 20. Rah1 Kf8 21.
Nc3 Qxg4 22. Na2 Rc2+ 23. Qxc2 Nxc2 24. Kxc2 Rc8+ 25. Nc3 Ke7 26. Kd2 Nc4+ 27.
Bxc4 Rxc4 28. Rh8 g5 29. R8h5 Qg2 30. R5h2 Qf3 31. Kd3 g4 32. Kd2 Rb4 33. Nd1
Rxa4 34. Rh6 Ra1 35. R6h2 b5 36. Re1 a4 37. Reh1 b4 38. Re1 a3 39. bxa3 Ra2+
40. Kc1 g3 41. Kb1 b3 42. Rh4 gxf2 43. Nxf2 Qxf2 44. Re2 Qxe2 45. Rf4 Qc2# {
Hossa checkmated} 0-1

[Event "ICS rated blitz match"]
[Site "204.178.125.65"]
[Date "2000.12.03"]
[Round "?"]
[White "Hossa"]
[Black "PostModernist"]
[Result "0-1"]
[WhiteElo "2478"]
[BlackElo "2687"]
[PlyCount "112"]
[EventDate "2000.??.??"]

1. e4 Nc6 2. Nf3 e5 3. Bc4 Nf6 4. Ng5 d5 5. exd5 Na5 6. Bb5+ c6 7. dxc6 bxc6 8.
Bd3 Nd5 9. Nxh7 Nf4 10. Be4 f5 11. d3 Rxh7 12. Bxf4 exf4 13. Bf3 Qe7+ 14. Kf1
g5 15. Na3 g4 16. Nc4 gxf3 17. Qxf3 Nxc4 18. Qxc6+ Kd8 19. Qd5+ Qd6 20. Qxa8
Nxb2 21. Re1 Qc5 22. Qf3 Qxc2 23. Qd5+ Kc7 24. Qa5+ Kb8 25. Qe5+ Rc7 26. Qb5+
Rb7 27. Qe5+ Ka8 28. Qe2 Qxe2+ 29. Rxe2 Rc7 30. h4 Nxd3 31. Re8 Bd6 32. Ke2
Nc1+ 33. Kf1 Nxa2 34. Rh3 Rc1+ 35. Ke2 Kb7 36. Rd3 Bc5 37. Rdd8 Bb6 38. Rd2
Nc3+ 39. Kf3 Ne4 40. Rb2 Rc3+ 41. Kxf4 Nxf2 42. Rb1 Bd7 43. Re7 Kc6 44. Rxd7
Kxd7 45. Kxf5 Rg3 46. Rg1 a5 47. Rb1 Bc7 48. h5 Ng4 49. Rd1+ Ke7 50. Rc1 Bd6
51. Ra1 a4 52. Rb1 Ne3+ 53. Ke4 Ke6 54. Rb2 Nf5 55. Re2 Be5 56. Re1 Nd6# {
Hossa checkmated} 0-1

[Event "ICS rated blitz match"]
[Site "204.178.125.65"]
[Date "2000.12.03"]
[Round "?"]
[White "Hossa"]
[Black "SuperChicken"]
[Result "0-1"]
[WhiteElo "2496"]
[BlackElo "2721"]
[PlyCount "110"]
[EventDate "2000.??.??"]

1. e4 e5 2. Nf3 Nc6 3. Bb5 a6 4. Ba4 Nf6 5. O-O Be7 6. Re1 b5 7. Bb3 O-O 8. c3
d6 9. h3 Na5 10. Bc2 c5 11. d4 Qc7 12. Nbd2 cxd4 13. cxd4 Bb7 14. Nf1 Rac8 15.
Re2 d5 16. Nxe5 dxe4 17. Bf4 Bd6 18. Ne3 Nh5 19. Bh2 g6 20. Rc1 Qe7 21. N3g4 f6
22. Bb3+ Kg7 23. Rxc8 Bxc8 24. Rxe4 Nxb3 25. Qxb3 fxe5 26. Bxe5+ Bxe5 27. Nxe5
Bb7 28. Re1 Nf4 29. Nd3 Nxh3+ 30. Kf1 Qg5 31. d5 Bxd5 32. Qc3+ Kh6 33. g3 Qxg3
34. Qc1+ g5 35. Ke2 Nxf2 36. Qe3 Qxe3+ 37. Kxe3 Rf3+ 38. Kd4 Rxd3+ 39. Kc5 g4
40. Kb6 g3 41. Rg1 g2 42. Kxa6 Rd1 43. Rxg2 Bxg2 44. Kxb5 Kg5 45. a3 h5 46. b4
h4 47. Kb6 Ra1 48. a4 Rxa4 49. Kb5 Ra8 50. Kc5 Rc8+ 51. Kd6 Kf6 52. b5 Nd3 53.
Kd7 Bh3+ 54. Kd6 Nb4 55. b6 Rc6# {Hossa checkmated} 0-1